000 00409nam a2200169Ia 4500
008 151213s9999 xx 000 0 und d
020 _a140441727
100 _aBetty Rodice
245 _aThe Ealist English Poems
_cBetty Rodice
250 _a2nd
260 _aLondon
_bPenguing
_c1977
300 _a8378 p.
650 _aEnglish
650 _aEnglish Literature
700 _aBetty Rodice
999 _c4216
_d4216